Culture Générale en 10 courtes vidéos #8 - Statistiques

Statistiques générales
  • Ce quiz a été pris 90 fois
  • Le résultat moyen est 4 sur 10
Statistiques - réponses
Vidéo Question Réponse % Correct
Quel est ce Jeu de cartes ? Uno
99%
Complète la phrase avec un mot en 9 ou 10 lettres qui a "révélé" Nabilla : "Allô, non, mais allô, quoi ? T'es une fille et t'as pas de __________? Shampoing (Shampooing)
96%
Voici 2 des 3 gardiens de l'équipe de France de Football championne du monde 1998. Qui est le 3e ? (Le nom de famille suffit) Bernard Lama
46%
Donne au moins une des deux parties du prénom composé de cet ancien candidat de la Star Académy aperçu deux décennies après dans l'émission LOL Georges-Alain
44%
Quel est le nom du personnage porté disparu qui fait pleurer Tintin dans cet extrait ? Tchang (Chang)
31%
Film de 1988 en deux mots anglais Rain Man
30%
Ville américaine présente dans cet extrait de la série TV The Walking Dead Atlanta
28%
Trouve un des six autres mots de 7 lettres possibles NUISANT PANTINS PUISANT SINUANT TAUPINS USINANT
17%
Quelle ville est en photo dans ce Time lapse montrant son évolution entre 2005 et ... 2014 ? Sotchi (ou Sochi)
10%
Procédé qui permet de trouver tous les nombres premiers inférieurs à un certain entier naturel donné N : Crible d'É _ _ _ _ _ _ _ _ _e Ératosthène
6%
Aucun quiz correspondant
Distribution des résultats
% des personnes avec chaque résultat
Percentile par nombre de réponses
Votre historique - résultats
Vous n’avez pas pris ce quiz